| 000 | 00623nam a2200181Ia 4500 | ||
|---|---|---|---|
| 008 | 151018s9999 xx 000 0 und d | ||
| 082 |
_bRBASDV25178 _a891.463 |
||
| 100 | _aमहावीर जोंधळे | ||
| 245 | _aमुलीच्या नावानं | ||
| 250 | _b1 | ||
| 260 |
_bआरती प्रकाशन ठाणे _c1993 |
||
| 300 | _a100 | ||
| 600 | _aमहावीर जोंधळे | ||
| 630 | _aमुलीच्या नावानं | ||
| 700 | _aमहावीर जोंधळे | ||
| 730 | _aमुलीच्या नावानं | ||
| 942 | _cBOOK | ||
| 999 |
_c1024801 _d1024798 |
||